Śrīvāgbhaṭaviracitaṃ Aṣtāṅgahr̥dayam: Cikitsitasthānam. (Record no. 63980)

MARC details
000 -LEADER
fixed length control field 01021cam a22003251 4500
001 - CONTROL NUMBER
control field sa 65004877
003 - CONTROL NUMBER IDENTIFIER
control field DLC
005 - DATE AND TIME OF LATEST TRANSACTION
control field 20260227112133.0
008 - FIXED-LENGTH DATA ELEMENTS--GENERAL INFORMATION
fixed length control field 910117m19601964ii 000 0 sano
010 ## - LIBRARY OF CONGRESS CONTROL NUMBER
LC control number sa 65004877
035 ## - SYSTEM CONTROL NUMBER
System control number (OCoLC)22976492
040 ## - CATALOGING SOURCE
Original cataloging agency DLC
Transcribing agency WaU
Modifying agency DLC
042 ## - AUTHENTICATION CODE
Authentication code premarc
050 00 - LIBRARY OF CONGRESS CALL NUMBER
Classification number R127.2
Item number .V34
100 0# - MAIN ENTRY--PERSONAL NAME
Personal name Vāgbhaṭa,
Dates associated with a name active 7th century.
245 10 - TITLE STATEMENT
Title Śrīvāgbhaṭaviracitaṃ Aṣtāṅgahr̥dayam: Cikitsitasthānam.
260 ## - PUBLICATION, DISTRIBUTION, ETC.
Date of publication, distribution, etc. 1960-64.
300 ## - PHYSICAL DESCRIPTION
Extent 2 v. in 1 (ii, 511 p.)
Dimensions 24 cm.
440 #0 - SERIES STATEMENT/ADDED ENTRY--TITLE
Title Sri Ravi Varma Sanskrit series,
Volume/sequential designation 9
500 ## - GENERAL NOTE
General note Cover title in English: Ashtarangahridayam.
500 ## - GENERAL NOTE
General note In Sanskrit; pref. in English.
650 #0 - SUBJECT ADDED ENTRY--TOPICAL TERM
Topical term or geographic name entry element Medicine, Ayurvedic.
700 1# - ADDED ENTRY--PERSONAL NAME
Personal name Indu, Śaśilekhā.
700 2# - ADDED ENTRY--PERSONAL NAME
Personal name Achyutha Poduval, K.
700 2# - ADDED ENTRY--PERSONAL NAME
Personal name Raman Nambiar, C. K.
700 0# - ADDED ENTRY--PERSONAL NAME
Personal name Aruṇadatta,
Dates associated with a name active 12th century.
Title of a work Sarvāṅgasundarī.
740 0# - ADDED ENTRY--UNCONTROLLED RELATED/ANALYTICAL TITLE
Uncontrolled related/analytical title Aṣṭāṅgaḥr̥dayam.
740 0# - ADDED ENTRY--UNCONTROLLED RELATED/ANALYTICAL TITLE
Uncontrolled related/analytical title Ashtangahridayam.
740 0# - ADDED ENTRY--UNCONTROLLED RELATED/ANALYTICAL TITLE
Uncontrolled related/analytical title Cikitsitasthānam.

No items available.

Powered by Koha